000 00451nam a2200217Ia 4500
003 IT-RoPAU
008 120407s9999 xx 000 0 und d
040 _aIT-RoPAU
040 _cIT-RoPAU
041 _aita
245 _aIndex ac Status Causarum
250 _aRoma
260 _aGuerra
260 _c1985
300 _a402 p.
300 _c20 cm
490 _v1
710 _aCongregazione Cause dei Santi
942 _cBK
999 _c34123
_d34123